00926nam a2200205 a 4500001001000000003000900010005001700019008004100036040002500077082002000102100002600122245005000148246021400198260004800412300003600460504005600496651006800552651004700620651005300667000021774DO-SdBNP20250623100511.0100913s1972 dr ac 001 0 spa d aDO-SdBNPbspacBNPHU a972.9305bL579c1 aLeón, Carlos V., de10aCasos y cosas de ayer /cCarlos V. de León.04aCasos y cosas de ayer :bnarraciones históricas sobre la primera ocupación militar de la República Dominicana por las Fuerzas Navales de los Estados Unidos de América años 1916-1924 y otros relatos. aSanto Domingo :bImprenta Núñez,c1972. a356 p. :bil., retrs. ;c22 cm. aIncluye bibliografía y notas al pie de páginas. 4aOcupación MilitarzRepública DominicanaxHistoriaySiglo XX 4aRepública DominicanaxHistoriaySiglo XX 4aRepública DominicanaxVida social y costumbres